Statistics for Countries in Alphabetical Order going round Continents

Click here to take the quiz!

General Stats

  • This quiz has been taken 219 times
  • The average score is 9 of 19

Answer Stats

ContinentCountry% Correct
AfricaAlgeria
98%
AsiaArmenia
83%
EuropeAustria
78%
North AmericaBahamas
76%
South AmericaGuyana
65%
OceaniaFederated States of Micronesia
59%
AfricaKenya
52%
AsiaKuwait
48%
EuropeLatvia
47%
South AmericaParaguay
47%
OceaniaNauru
46%
North AmericaMexico
44%
AfricaRepublic of the Congo
31%
South AmericaUruguay
29%
AfricaZambia
29%
OceaniaTuvalu
26%
North AmericaTrinidad and Tobago
25%
AsiaSaudi Arabia
24%
EuropeSerbia
21%

Score Distribution

Percentile by Number Answered

Percent of People with Each Score

Your Score History

You have not taken this quiz